000
00448nam a2200181Ia 4500
008
090630s9999 xx 000 0 und d
082
_b
203
100
_a
ृ
245
_a
महात्मा गांधी.
_c
ृ
260
_b
---
300
_a
158
600
_a
ृ
630
_a
महात्मा गांधी.
655
_a
इतर.
700
_a
ृ
730
_a
महात्मा गांधी.
942
_c
BOOK
999
_c
252059
_d
252059